书目信息 |
| 题名: |
学诗百法
|
|
| 作者: | 刘坡公 著 | |
| 分册: | ||
| 出版信息: | 上海 上海书店 1987.8 |
|
| 页数: | 113页 | |
| 开本: | 19cm | |
| 丛书名: | ||
| 单 册: | ||
| 中图分类: | I207.21 , I207.2 | |
| 科图分类: | ||
| 主题词: | 诗歌-创作方法--中国 , 创作方法-诗歌--中国 , 文学--中国 , 诗话--中国 | |
| 电子资源: | ||
| ISBN: | ||
| 000 | 00891nam0 2200301 45 | |
| 001 | 0188001828 | |
| 005 | 20060801145342.43 | |
| 010 | @dCNY0.55 | |
| 020 | @aCN@b88001828 | |
| 100 | @a19910410d1987 m y0chiy0120 ea | |
| 101 | 0 | @achi |
| 102 | @aCN@b310000 | |
| 105 | @ay z 000yy | |
| 200 | 10 | @a学诗百法@Axue shi bai fa@f刘坡公著@Fliu po gong zhu |
| 210 | @a上海@c上海书店@d1987.8 | |
| 215 | @a113页@d19cm | |
| 300 | @a本书据世界书局1928年版影印 | |
| 330 | @a本书分为声韵、对偶、字句、章法、忌病、规则、派别、体裁等方面。 | |
| 540 | 1 | @a学诗百法@Axue shi bai fa |
| 606 | @a诗歌-创作方法@y中国 | |
| 606 | @a创作方法-诗歌@y中国 | |
| 606 | 0 | @a文学@x中国 |
| 606 | @a诗话@y中国 | |
| 690 | @aI207.21@v1980 | |
| 690 | @aI207.2@v3 | |
| 701 | 0 | @a刘坡公@Aliu po gong@4著 |
| 801 | 0 | @aCN@bNLC@c20060801 |
| 905 | @dI207.2@e84@f2@b67091-092@b67096-098@f1@b67094@f1@b79219@f3 | |
| 学诗百法/刘坡公著.-上海:上海书店,1987.8 |
| 113页;19cm |
| 本书据世界书局1928年版影印 |
| ISBN :CNY0.55 |
| 本书分为声韵、对偶、字句、章法、忌病、规则、派别、体裁等方面。 |
| ● |
| 相关链接 |
|
|
|
|
正题名:学诗百法
索取号:I207.2/84
 
预约/预借
| 序号 | 登录号 | 条形码 | 馆藏地/架位号 | 状态 | 备注 |
| 1 | 0067091 | 000266321 | 密集书库/ [索取号:I207.2/84] | 在馆 | |
| 2 | 0067092 | 000733424 | 密集书库/ [索取号:I207.2/84] | 在馆 | |
| 3 | 0067093 | 001925153 | 密集书库/ [索取号:I207.2/84] | 在馆 | |
| 4 | 0067094 | 000733433 | 密集书库/ [索取号:I207.2/84] | 在馆 | |
| 5 | 0067096 | 000733442 | 第二借阅区/ [索取号:I207.2/84] | 在馆 | |
| 6 | 0067097 | 000732498 | 密集书库/ [索取号:I207.2/84] | 在馆 | |
| 7 | 0067098 | 000733406 | 密集书库/ [索取号:I207.2/84] | 在馆 | |
| 8 | 0067099 | 000732504 | 第一样本阅览室/ [索取号:I207.2/84] | 在馆 | |
| 9 | 0079219 | 000733415 | 密集书库/ [索取号:I207.2/84] | 在馆 | |
| 10 | 0428605 | 204286058 | 密集书库/ [索取号:I207.2/84] | 在馆 | |
| 11 | 6709700 | 732498 | 第二借阅区/ [索取号:I207.2/84] | 在馆 |